Les banques dans le monde

Αποθηκεύτηκε σε:
Λεπτομέρειες βιβλιογραφικής εγγραφής
Κύριος συγγραφέας: Orsingher, Roger
Μορφή: Βιβλίο
Γλώσσα:Undetermined
Έκδοση: Paris Payot 1964
Θέματα:
Ετικέτες: Προσθήκη ετικέτας
Δεν υπάρχουν, Καταχωρήστε ετικέτα πρώτοι!
Thư viện lưu trữ: Trung tâm Học liệu Trường Đại học Cần Thơ
LEADER 00466nam a2200169Ia 4500
001 CTU_79274
008 210402s9999 xx 000 0 und d
082 |a 332.1 
082 |b O.76 
100 |a Orsingher, Roger 
245 0 |a Les banques dans le monde 
245 0 |c Roger Orsingher 
260 |a Paris 
260 |b Payot 
260 |c 1964 
650 |a Banks and banking,Banks and banking, international 
980 |a Trung tâm Học liệu Trường Đại học Cần Thơ